Normal view
MARC view
Entry Término temático
001 - NÚMERO DE CONTROL
- campo de control: 141684
003 - IDENTIFICADOR DEL NÚMERO DE CONTROL
- campo de control: OSt
005 - FECHA Y HORA DE LA ÚLTIMA TRANSACCIÓN
- campo de control: 20220127160014.0
008 - DATOS DE LONGITUD FIJA
- campo de control de longitud fija: 220127|| aca||aabn | a|a d
040 ## - FUENTE DE LA CATALOGACIÓN
- Centro catalogador/agencia de origen: OSt
- Centro/agencia transcriptor: OSt
150 ## - ENCABEZAMIENTO--TÉRMINO DE MATERIA
- Término de materia o nombre geográfico como elemento de entrada: Leche
- Subdivisión general: Producción I. Instituto Nacional de Investigaciones Pecuarias. Campo Experimental Pecuario Clavellinas II. Producción de leche, estabulación y pastoreo
670 ## - FUENTE DE DATOS ENCONTRADOS
- Cita de la fuente: Work cat.: (OSt)167465: Día del ganadero (3 : 1985 : Tuxpán, Jal.) 141683, Avances de investigación en la producción de leche : producción de leche, estabulación y pastoreo /, 1985
